Catálogo
 En Linea

La Financiación de los Partidos Políticos : (Registro nro. 41675)

Detalles MARC
000 -CABECERA
campo de control de longitud fija 00567nam a2200157 a 4500
001 - NÚMERO DE CONTROL
campo de control 000042186
005 - FECHA Y HORA DE LA ÚLTIMA TRANSACCIÓN
campo de control 20201002040007.0
008 - DATOS DE LONGITUD FIJA--INFORMACIÓN GENERAL
campo de control de longitud fija 131119s1992 sp 000 0 spa d
040 ## - FUENTE DE LA CATALOGACIÓN
Centro catalogador/agencia de origen DO-SdBNP
Lengua de catalogación spa
Centro/agencia transcriptor BNPHU
100 1# - ENTRADA PRINCIPAL--NOMBRE DE PERSONA
Nombre de persona Castillo, Pilar del
9 (RLIN) 69192
245 13 - MENCIÓN DE TÍTULO
Título La Financiación de los Partidos Políticos :
Resto del título propuestas para una reforma /
Mención de responsabilidad, etc. Pilar del Castillo.
260 ## - PUBLICACIÓN, DISTRIBUCIÓN, ETC.
Lugar de publicación, distribución, etc. Madrid :
Nombre del editor, distribuidor, etc. Fundación para el Análisis y los Estudios Sociales,
Fecha de publicación, distribución, etc. 1992.
300 ## - DESCRIPCIÓN FÍSICA
Extensión 26 p. ;
Dimensiones 24 cm.
490 1# - MENCIÓN DE SERIE
Mención de serie Papeles de la fundación
Designación de volumen o secuencia 1
830 #0 - PUNTO DE ACCESO ADICIONAL DE SERIE-TÍTULO UNIFORME
Título uniforme Papeles de la fundación
Designación de volumen o secuencia 1
9 (RLIN) 69193
Existencias
Estado de retiro Estado de pérdida Restricciones de uso No para préstamo Código de colección Localización permanente Ubicación/localización actual Ubicación en estantería Fecha de adquisición Número de inventario Total de préstamos Signatura topográfica completa Código de barras Fecha visto por última vez Precio válido a partir de Tipo de ítem Koha
      Excluido de préstamo Monografías: Libros y Folletos General General En catalogación 19.11.2013 LF1   42186-10 25.06.2020 25.06.2020 No se presta

Con tecnología Koha